000 00573nam a22001697a 4500
003 OSt
005 20250710105042.0
008 250708b |||||||| |||| 00| 0 eng d
040 _cAIMIT LIBRARY
100 _aS B, Jahnavi.
_e222109
_9217757
245 _aData analysis using SQL in business: retail sector insights /
_cBy Jahnavi S B.
260 _aMangalore ;
_c2024.
700 _aPinto, Jeevan.
_eMentor
_9217758
700 _aAugustine, Rahul.
_eGuide
_9217759
856 _3Reliance Retails Ltd, IBC Knowledge Park Bangalore.
_urelianceretail.com/
942 _2ddc
_cPRO
999 _c234590
_d234590